000 01541cam a2200145 4500500
005 20260208013938.0
041 _afre
042 _adc
100 1 0 _aFarnoud, Reza
_eauthor
700 1 0 _aBazin, Marcel
_eauthor
245 0 0 _aHistoire des qanâts dans le monde iranien : De la géographie aux hommes
260 _bL'Harmattan,
_c2024.
520 _aLa partie centrale du monde iranien est majoritairement désertique. Les autres régions similaires sur la planète ont tendance à être laissées à l’abandon mais ici, depuis des millénaires, on cultive la terre et exporte différents produits agricoles. Par quel miracle cela est-il possible ?La réponse vient de l’invention du qanât, une technique ingénieuse qui permet de récupérer l’eau disponible dans le sous-sol des piémonts et de la transporter jusqu’aux plaines où s’étendent les champs agricoles. On parle de « révolution qanâtienne » pour souligner son importance historique.Ce livre s’intéresse donc au qanât et à son histoire dans le monde iranien. Après une description de la géographie de cette région ainsi que de ses particularités hydrologiques et agronomiques, sont expliqués les principes techniques du qanât, sa diversité et sa méthode de construction. Enfin, il aborde son utilisation par les paysans, ainsi que son impact sur leur organisation sociale, leur économie et leurs croyances.
856 4 1 _uhttps://shs.cairn.info/Histoire-des-qanats-dans-le-monde-iranien--9782336466392?lang=fr&redirect-ssocas=7080
999 _c1660540
_d1660541